| 000 | 01636nam a22003497a 4500 | ||
|---|---|---|---|
| 001 | 00004532 | ||
| 003 | DO-SdBNP | ||
| 005 | 20180314130808.0 | ||
| 007 | 00004532 | ||
| 008 | 160512b 2011 dr xxu||||| |||| 00| 0 spa d | ||
| 020 | _a9789945173611 | ||
| 040 |
_aBPMSU _bspa _cBPMSU |
||
| 082 |
_a373.53 _bF537 2011 |
||
| 245 | 1 | 0 |
_aFísica : _b[educación media] / _cPablo Smester ... [et al.] ; dirección editorial Cristina Amiama Espaillat ; coordinación editorial Mónica Volonteri ; ilustración Henry Cid...[et al]. |
| 246 | 1 |
_aQuímica : _bnivel medio |
|
| 260 |
_aSanto Domingo : _bS M, _c2011. |
||
| 300 |
_a288 p. : _bil., retrs. ; _c29 cm. |
||
| 504 | _aBibliografía : p. 288 | ||
| 505 |
_tLa ciencia y su método -- _tEl movimiento y sus características -- _tFuerzas y movimiento -- _tAplicaciones de la dinámica -- _tEnergía y trabajo -- _tMecánica de los fluidos -- _tEnergía y calor -- _tEnergía y ondas -- _tElectrostática -- _tElectricidad -- _tEstructura atómica y nuclear -- _tLa tierra en el universo -- _tAnexos -- _tDiccionario científico -- _tUnidades, constantes y datos. |
||
| 650 | 4 |
_aFÍSICA _xENSEÑANZA SECUNDARIA |
|
| 650 | 4 |
_aFÍSICA _xEDUCACIÓN SECUNDARIA |
|
| 650 | 4 |
_aFÍSICA _xESTUDIOS Y EJERCICIOS |
|
| 650 | 4 |
_aFÍSICA _xLIBROS DE TEXTOS |
|
| 650 | 4 |
_aEDUCACIÓN SECUNDARIA _zREPÚBLICA DOMINICANA |
|
| 700 | 1 | _aSmester, Pablo | |
| 700 | 1 |
_aAmiama Espaillat, Cristina, _e ed. |
|
| 700 | 1 |
_aCid, Henry, _eil. |
|
| 910 | _aValidado. Control de calidad MFF | ||
| 942 |
_2ddc _cBK |
||
| 945 | _aRemanejado para la BNPHU / 2018 BT | ||
| 956 |
_2LOPEREZ _310 _6BPMSU _820161305 _a00041 |
||
| 999 |
_c10122 _d10122 |
||